Regions Quiz - Statistics

General Stats
  • This quiz has been taken 14 times
  • The average score is 22 of 25
Answer Stats
Region Country % Correct
8) Outback Australia
100%
17) Flanders Belgium
100%
3) Prairie Provinces Canada
100%
6) Inner Mongolia China
100%
4) Lapland Finland
100%
25) Normandy France
100%
1) Tuscany Italy
100%
7) Hokkaido Japan
100%
20) Zeeland Netherlands
100%
23) Vestland Norway
100%
5) Siberia Russia
100%
9) West Midlands United Kingdom
100%
2) Appalachia United States
100%
14) Tornado Alley United States
100%
19) North Rhine-Westphalia Germany
93%
13) KwaZulu Natal South Africa
93%
10) Andalusia Spain
93%
22) Sulawesi Indonesia
86%
24) Westfjords Iceland
71%
12) Darfur Sudan
71%
11) Kano Nigeria
64%
16) Lower Silesia Poland
64%
18) Ticino Switzerland
64%
15) Moravia Czech Republic
57%
21) Kasai Democratic Republic of the Congo
36%
No matching quizzes found
Score Distribution
Percent of People with Each Score
Percentile by Number Answered
Your Score History
You have not taken this quiz